Medios de prueba en sede familiar

Bewaard in:
Bibliografische gegevens
Hoofdauteur: Garrido Chacana, Carlos
Formaat: Onbekend
Taal:Engels
Gepubliceerd in: Santiago, Chile. Metropolitana, 2021
Onderwerpen:
Tags: Voeg label toe
Geen labels, Wees de eerste die dit record labelt!

MARC

LEADER 00000 a2200000 4500
003 CL-VaPUC
005 20211123125942.0
008 211102b2021 ||||| |||| 00| 0 eng d
999 |c 433802  |d 433800 
020 |a 9789562863032 
040 |c Pontificia Universidad Católica de Valparaíso 
082 |a 346.83015 GAR 2021 
100 1 |a Garrido Chacana, Carlos  |9 737472 
245 1 |a Medios de prueba en sede familiar 
260 |a Santiago, Chile.  |b Metropolitana,  |c 2021 
300 |a 477 páginas  
583 |k Cristina María Rojas Aguilar  |c 20211102 
650 0 |a Derecho de familia  |9 255603 
650 0 |a Derecho de familia  |9 255603  |x Prueba testimonial   |x Testigos  
942 |2 ddc  |c BK 
952 |0 0  |1 0  |2 ddc  |4 0  |6 346_830150000000000_GAR_2021  |7 0  |8 A  |9 579094  |a BIBDER  |b BIBDER  |d 2021-11-02  |e 22  |g 41650.00  |i 5589967  |l 1  |o 346.83015 GAR 2021  |p 5589967  |r 2024-03-19  |s 2024-03-13  |t 1  |v 41650.00  |w 2021-11-02  |y BK  |k DER